|
|
|
|
| LEADER |
00000cam a2200000 7i4500 |
| 001 |
0000004973 |
| 005 |
20151222.0 |
| 008 |
070731 |
| 020 |
|
|
|a 983332648X
|
| 090 |
0 |
0 |
|a JF
|b MOR JAW (6067)
|
| 245 |
0 |
0 |
|a Keldai yang bijak
|
| 260 |
|
|
|a Selangor :
|b Early Learner Publications
|
| 500 |
|
|
|a Children ages 7-9 years old (orange)
|
| 650 |
|
0 |
|a Jawi
|
| 999 |
|
|
|a 0000978854
|b Book
|c Children Collection
|e Cawangan Taman Universiti
|
| 999 |
|
|
|a 0000978855
|b Book
|c Children Collection
|e Cawangan Taman Universiti
|
| 999 |
|
|
|a 0000978856
|b Book
|c Children Collection
|e Cawangan Taman Universiti
|
| 999 |
|
|
|a 0001145269
|b Book
|c Children Collection
|e Cawangan Taman Universiti
|